Riadenie inovácií
Poradenstvo v podnikaní. Čo treba robiť, aby sa podnikateľ po počiatočnom úspechu v podnikaní nedostal rýchlo dolu. Podmienka úspechu v podnikaní. Inovácia ako kľúčový prvok podnikateľskej stratégie. Rozlíšenie dvoch typov inovácie: bežná, priebežná inovácia a strategická inovácia. Dva rôzne indikát...
Salvato in:
| Autore principale: | |
|---|---|
| Natura: | Capitolo di libro |
| Lingua: | slovacco |
| Soggetti: | |
| Tags: |
Nessun Tag, puoi essere il primo ad aggiungerne!!
|
MARC
| LEADER | 00000naa a2200000 4500 | ||
|---|---|---|---|
| 001 | r027205 | ||
| 005 | 20230919071211.3 | ||
| 041 | 0 | |a slo | |
| 044 | |a SK | ||
| 245 | 1 | 0 | |a Riadenie inovácií |c M. Konvit |
| 520 | |a Poradenstvo v podnikaní. Čo treba robiť, aby sa podnikateľ po počiatočnom úspechu v podnikaní nedostal rýchlo dolu. Podmienka úspechu v podnikaní. Inovácia ako kľúčový prvok podnikateľskej stratégie. Rozlíšenie dvoch typov inovácie: bežná, priebežná inovácia a strategická inovácia. Dva rôzne indikátory, ktoré svedčia o potrebe inovácie. Iné ukazovatele, ktoré signalizujú začiatok zlomu. | ||
| 610 | 2 | 0 | |a podnikanie |
| 610 | 2 | 0 | |a poradenstvo |
| 610 | 2 | 0 | |a inovácia |
| 610 | 2 | 0 | |a podnik spôsobilý |
| 610 | 2 | 0 | |a stratégia podniková |
| 610 | 2 | 0 | |a ukazovatele ekonomické |
| 610 | 2 | 0 | |a rozhodovanie |
| 100 | 1 | |a Konvit, M. | |